000 00698 a2200241 4500
003 CBULib
005 20231113124849.0
008 231027b |||||||| |||| 00| 0 eng d
020 _a9780192854087
040 _bEnglish
_cCBULib
_erda
041 _aeng
050 _aB 485 Bar
100 _aBarnes, Jonathan
245 _aAristotle : a very short introduction
_c/ by Jonathan Barnes
260 _bOxford University Press,
_c2000.
_aNew York :
300 _b160pages : illustrations
336 _2rdacontent
_aText |
_btxt
337 _2rdamedia
_aUnmediated |
_bn
338 _2rdacarrier
_aVolume
_bnc
650 0 _9952
_aARISTOTLE
650 0 _9235
_aPHILOSOPHY, ANCIENT
942 _c002
_2lcc
999 _c83065
_d83065